000 00964nam a22002175i 4500
001 176721
003 ES-MaACL
005 20230906220152.0
008 110203s1959 fr |||| | fre d
080 _a631.8
245 0 0 _aOptimum économique de l'utilisation des engrais
_b: projet nº 393.
260 _a[Paris] :
_bAgence Européenne de Productivité, Division de l'action technique et de la productivité dans l'agriculture et l'alimentation, Organisation Européenne de Coopération Économique,
_c1959.
300 _a94 p. ;
_c27 cm.
490 1 _aAlimentation et agriculture documentation. Série 1959 ;
_v2
546 _aTexto en francés.
650 4 _aFertilizantes.
_9136105
710 0 _aOrganización de Cooperación y Desarrollo Económico.
_bAgencia Europea de Productividad.
_96056
830 0 _aAlimentation et agriculture documentation. Série 1959 ;
_v2
_9190202
852 _aES-MaACL
_jE-14180
_xOlim P-969-bis
999 _c176721
_d176721